[Event "It (open) \"]
[Site "masterchessopen.com Jyvaskyla (Finland)"]
[Date "2006.07.12"]
[Round "3"]
[White "Karttunen Mika (FIN)"]
[Black "Issakainen Ari (FIN)"]
[Result "1-0"]
[WhiteElo "2428"]
[BlackElo "2235"]

1.d4 d5 2.c4 c6 3.Nf3 Nf6 4.Nbd2 g6 5.g3 Bg7 6.Bg2 O-O 7.O-O h6 8.b3 Bf5 9.Bb2
Nbd7 10.h3 g5 11.g4 Bh7 12.Ne1 Qb8 13.e3 Ne4 14.f4 f5 15.Nxe4 fxe4 16.Qd2 e6
17.Rc1 Rf7 18.Ba3 Nf8 19.Nc2 Ng6 20.cxd5 cxd5 21.fxg5 Rxf1+ 22.Bxf1 Nh4 23.Qf2
hxg5 24.Ne1 Qd8 25.Be2 Ng6 26.Nc2 Rc8 27.Qe1 e5 28.dxe5 Bxe5 29.Nb4 d4 30.Rxc8
Qxc8 31.Bc4+ Kh8 32.Bb2 Qc5 33.exd4 Bxd4+ 34.Qe3 {#r} 1-0

[Event "It (open)"]
[Site "masterchessopen.com Dieren (Netherlands)"]
[Date "2006.07.26"]
[Round "2"]
[White "Grooten Herman (NED)"]
[Black "Jonker Fred (NED)"]
[Result "1-0"]
[WhiteElo "2387"]
[BlackElo "2184"]

1.c4 c6 2.Nf3 Nf6 3.d4 d5 4.Nbd2 g6 5.g3 Bg7 6.Bg2 O-O 7.O-O Na6 8.b3 Bf5
9.Bb2 Qd7 10.Ne5 Qe6 11.Re1 Rfd8 12.f3 Bh3 13.e4 dxc4 14.bxc4 Bxg2 15.Kxg2 Nd7
16.Nd3 Nb6 17.Nf4 Qd7 18.e5 Nc7 19.Bc3 Bh6 20.Re4 Ne6 21.Nh3 Bg7 22.Qb3 h6
23.Rae1 Kh7 24.a4 Rab8 25.Qc2 Na8 26.g4 Nac7 27.Nf2 Ng5 28.R4e3 Nge6 29.Nb3 b5
30.Nc5 Nxc5 31.dxc5 bxc4 32.Ba5 Nd5 33.Bxd8 Nxe3+ 34.Rxe3 Rxd8 35.e6 fxe6
36.Qxc4 e5 37.Rd3 Qc7 38.Rxd8 Qxd8 39.Qe6 Qc7 40.Ne4 Qb7 41.Qa2 Qb4 42.h4 Qe1
43.h5 gxh5 44.gxh5 Qd1 45.a5 Qd8 46.a6 Qe8 47.Qe6 Kh8 48.Kg3 Qxh5 49.Qxc6 Qh1
50.Qc8+ Kh7 51.Qf5+ Kg8 52.Kg4 Qg1+ 53.Kh5 Qa1 54.c6 Qxa6 55.c7 e6 56.Nc5 {#r}
1-0

[Event "Ch City Chess"]
[Site "masterchessopen.com Elista (Russia)"]
[Date "2006.07.29"]
[Round "2"]
[White "Sarmutkin S (RUS)"]
[Black "Namruev Anatoly (RUS)"]
[Result "0-1"]
[WhiteElo "1996"]
[BlackElo "1977"]

1.d4 Nf6 2.Nf3 g6 3.g3 Bg7 4.Bg2 c6 5.O-O O-O 6.c4 d5 7.Nbd2 a6 8.a4 Nbd7
9.cxd5 cxd5 10.Qb3 Qb6 11.Qa3 Re8 12.a5 Qb5 13.Re1 e5 14.dxe5 Nxe5 15.Nd4 Qd7
16.e3 Rb8 17.Bf1 Nc6 18.N2f3 Nxd4 19.exd4 Ne4 20.Bf4 Ra8 21.Rac1 Bf8 22.Qb3
Qd8 23.Ne5 Be6 24.Qxb7 Qxa5 25.Nc6 Qa4 26.Ra1 Qc2 27.Re2 Qd3 28.b4 Qb5 29.Qxb5
axb5 30.Rea2 Rxa2 31.Rxa2 Rc8 32.Ra6 Bd7 33.Ne5 Be6 34.f3 g5 35.Be3 Rc3 36.Nd3
h6 37.fxe4 dxe4 38.Nc5 Bxc5 39.dxc5 Rxe3 40.Bxb5 Rb3 41.Be2 Rxb4 42.c6 Rb1+
43.Kf2 Rc1 44.Ke3 Rc2 45.Rb6 Kg7 46.Ba6 Bd5 47.Bb7 h5 48.Kd4 Rd2+ 49.Ke3 Rd3+
50.Ke2 Rc3 {#R} 0-1

[Event "It \"]
[Site "masterchessopen.com Guayaquil (Ecuador)"]
[Date "2006.08.12"]
[Round "5"]
[White "Munoz Sanchez Jhon (ECU)"]
[Black "Munoz Pantoja Miguel (PER)"]
[Result "1-0"]
[WhiteElo "2321"]
[BlackElo "2483"]

1.Nf3 d5 2.g3 g6 3.Bg2 Bg7 4.O-O Nf6 5.d4 O-O 6.c4 c6 7.Nbd2 Bf5 8.b3 Ne4
9.Bb2 a5 10.Nh4 Nd6 11.e4 Be6 12.exd5 cxd5 13.Nhf3 Nc6 14.Ne5 Qb6 15.Nxc6 bxc6
{#r} 1-0

[Event "It (open)"]
[Site "masterchessopen.com Kuala Lumpur (Malaysia)"]
[Date "2006.08.21"]
[Round "2"]
[White "Ginting Nasib (INA)"]
[Black "Aplin Christer Jon (SIN)"]
[Result "1-0"]
[WhiteElo "2393"]
[BlackElo "2044"]

1.Nf3 Nf6 2.c4 g6 3.g3 Bg7 4.Bg2 O-O 5.O-O d5 6.d4 c6 7.Nbd2 Bf5 8.b3 Re8
9.Bb2 Nbd7 10.Re1 Ne4 11.Nh4 e6 12.f3 Nxd2 13.Qxd2 Bf6 14.e4 dxe4 15.fxe4 Bg4
16.Nf3 c5 17.d5 exd5 18.exd5 Qb6 19.Rac1 Qd6 20.Kh1 Bxf3 21.Bxf3 Ne5 22.Qf4
Re7 23.Bg4 Rae8 24.Be6 Bg7 25.Bxe5 Bxe5 26.Rxe5 fxe6 27.Rce1 Rf8 28.Qe3 Rf6
29.Rxe6 Rfxe6 30.dxe6 a6 31.Qe4 Kg7 32.Qd5 Qxd5+ 33.cxd5 Kf6 34.Kg2 Re8 35.Kf3
h6 36.Ke4 b5 37.Rf1+ {#r} 1-0

[Event "Ch England (team) 2006/07 (2 div)"]
[Site "masterchessopen.com England"]
[Date "2006.09.17"]
[Round "2"]
[White "McFarland Robert (ENG)"]
[Black "Williamson Paul L (ENG)"]
[Result "1-0"]
[WhiteElo "2238"]
[BlackElo "2135"]

1.Nf3 Nf6 2.g3 g6 3.Bg2 Bg7 4.c4 c6 5.d4 O-O 6.O-O d5 7.Nbd2 Ne4 8.b3 Nd7
9.Bb2 Ndf6 10.Ne5 Bf5 11.Rc1 Bh6 12.e3 Qa5 13.Nxe4 Nxe4 14.a3 f6 15.Nd3 dxc4
16.bxc4 Nd6 17.Qb3 Qb6 18.Nb4 Nf7 19.c5 Qc7 20.d5 a5 21.dxc6 axb4 22.cxb7 Ra6
23.Qxb4 Bd7 24.c6 Bxc6 25.Rxc6 {#r} 1-0

[Event "It (open)"]
[Site "masterchessopen.com Arco (Italy)"]
[Date "2006.10.24"]
[Round "4"]
[White "Morselli Stefano (ITA)"]
[Black "Ricci Alfredo (ITA)"]
[Result "0-1"]
[WhiteElo "1896"]
[BlackElo "2059"]

1.Nf3 Nf6 2.g3 g6 3.Bg2 Bg7 4.c4 c6 5.O-O O-O 6.d4 d5 7.Nbd2 Nbd7 8.Re1 Ne4
9.cxd5 Nxd2 10.Bxd2 cxd5 11.Bf4 Qb6 12.Qd3 Nf6 13.Rec1 Bf5 14.Qa3 Rac8 15.b4
Be4 16.Bh3 e6 17.Qb2 h6 18.Ne5 g5 19.Be3 Qb5 20.a4 Rxc1+ 21.Bxc1 Qe8 22.Bd2
Nd7 23.b5 Nxe5 24.dxe5 Qb8 25.f4 gxf4 26.gxf4 Kh8 27.Kf2 Qd8 28.Qc3 f6 29.Rg1
fxe5 30.Rxg7 Kxg7 31.Qxe5+ Qf6 32.Qh5 Bf5 33.Bg2 Rc8 34.Qf3 Kh7 35.Qe3 b6
36.Bb4 Rc4 37.Bd6 Qd4 38.Qxd4 Rxd4 {#R} 0-1

[Event "Tournament (Elo) (b)"]
[Site "masterchessopen.com Budapest (Hungary)"]
[Date "2006.11.05"]
[Round "2"]
[White "Havaskori Laszlo (HUN)"]
[Black "Mendege Andras (HUN)"]
[Result "0-1"]
[WhiteElo "2029"]
[BlackElo "1861"]

1.d4 Nf6 2.Nf3 g6 3.g3 Bg7 4.Bg2 O-O 5.O-O d5 6.c4 c6 7.Nbd2 e6 8.Qc2 Nbd7
9.b3 b6 10.Bb2 Bb7 11.h3 Rc8 12.Rad1 Qc7 13.Rfe1 Rfe8 14.e4 dxe4 15.Nxe4 Nxe4
16.Rxe4 c5 17.Re3 Bxf3 18.Bxf3 cxd4 19.Bxd4 Bxd4 20.Rxd4 Red8 21.Qb2 Nf8
22.Red3 Rxd4 23.Qxd4 Qe7 24.Qd6 Qxd6 25.Rxd6 Kg7 26.Bb7 Rc7 27.Bc6 Kf6 28.Bb5
Ke7 29.Rd2 g5 30.Kf1 e5 31.Rd5 f6 32.Ke2 Ne6 33.b4 Nd4+ 34.Kd3 Nxb5 35.Rxb5
Ke6 36.a4 Rd7+ 37.Kc3 e4 38.a5 bxa5 39.Rxa5 Rd3+ 40.Kc2 Rd7 41.Ra3 h5 42.Rc3
h4 43.g4 f5 44.gxf5+ Kxf5 45.c5 g4 46.c6 Rc7 47.b5 gxh3 48.Rxh3 a6 49.Rxh4
axb5 50.Rh6 Ke5 51.Kb3 Kd5 52.Kb4 Rxc6 53.Rh5+ Kd4 54.Kxb5 Rc2 55.Rf5 Rc3
56.Rf8 Rf3 57.Rd8+ Kc3 58.Re8 Rf5+ 59.Ka4 Kd3 60.Kb4 Rxf2 61.Rd8+ Ke3 62.Kc3
Rf7 63.Kc2 Rc7+ 64.Kd1 Ra7 65.Rf8 Ra1+ 66.Kc2 Ke2 67.Rf7 e3 68.Rf8 Ra7 69.Rc8
Rd7 70.Rc6 Ke1 71.Rc8 e2 72.Re8 Rd2+ {#R} 0-1

[Event "Ch England (team) 2006/07 (3 div)"]
[Site "masterchessopen.com England"]
[Date "2006.11.11"]
[Round "3"]
[White "Bennett P (WLS)"]
[Black "Bennion David (WLS)"]
[Result "0-1"]
[WhiteElo "2131"]
[BlackElo "2099"]

1.d4 Nf6 2.Nf3 g6 3.g3 Bg7 4.Bg2 O-O 5.O-O d5 6.c4 c6 7.Nbd2 Na6 8.b3 Bf5
9.Bb2 Qa5 10.Nh4 Be6 11.f4 Ng4 12.Rf3 dxc4 13.Nxc4 Bxc4 14.bxc4 Rfd8 15.Rb3
Nc5 16.e3 Nxb3 17.axb3 Nxe3 18.Qd3 Qb6 19.Qxe3 Bxd4 20.Bxd4 Rxd4 21.Rf1 Rxf4
22.c5 Rxf1+ 23.Bxf1 Qc7 24.Nf3 Kg7 25.Ne5 h5 26.Bd3 Rd8 27.Qg5 Rd5 {#R} 0-1

[Event "Ch France (team) (nat.1) 2006/07"]
[Site "masterchessopen.com France"]
[Round "11"]
[White "Le Roux Jean-Pierre (FRA)"]
[Black "Kovchan Alexander (UKR)"]
[Result "1-0"]
[WhiteElo "2477"]
[BlackElo "2507"]

1.Nf3 g6 2.d4 Nf6 3.c4 Bg7 4.g3 c6 5.Bg2 d5 6.Nbd2 O-O 7.O-O Be6 8.b3 Ne4
9.Nxe4 dxe4 10.Ng5 Bg4 11.Be3 c5 12.d5 Bxa1 13.Qxa1 b6 14.Nxe4 f6 15.d6 Nd7
16.Bh6 Re8 17.Ng5 e6 18.h3 Rc8 19.hxg4 Ne5 20.Ne4 Nxg4 21.Rd1 Qd7 22.Nxf6+
Nxf6 23.Qxf6 {#r} 1-0

[Event "Tournament (Elo)"]
[Site "masterchessopen.com St. Petersburg (Russia)"]
[Date "2007.01.13"]
[Round "1"]
[White "Pleshkov Mikhail (RUS)"]
[Black "Sokolov Nikolay (RUS)"]
[Result "0-1"]
[WhiteElo "2004"]
[BlackElo "2065"]

1.d4 Nf6 2.c4 g6 3.g3 Bg7 4.Bg2 O-O 5.Nf3 c6 6.O-O d5 7.Nbd2 Ne4 8.cxd5 cxd5
9.Ne5 Bf5 10.Nxe4 dxe4 11.g4 Bxe5 12.gxf5 Bxd4 13.Bxe4 Nc6 14.Qb3 Qc8 15.Bh6
Bg7 16.Bxg7 Kxg7 17.Qf3 Qb8 18.Qc3+ Qe5 19.Qxe5+ Nxe5 20.fxg6 hxg6 21.f4 Nc4
22.Bd5 {#R} 0-1

[Event "Bayern Regionalliga Northwest 2006/07"]
[Site "masterchessopen.com Bayern (Germany)"]
[Date "2007.02.04"]
[Round "5"]
[White "Becker Alexander (GER)"]
[Black "Bucka Reinhard"]
[Result "1-0"]
[WhiteElo "1937"]
[BlackElo "2001"]

1.d4 Nf6 2.c4 g6 3.g3 c6 4.Bg2 d5 5.Nf3 Bg7 6.O-O O-O 7.Nbd2 Ne4 8.e3 Nxd2
9.Nxd2 dxc4 10.Nxc4 Be6 11.Qe2 Nd7 12.Bd2 Nb6 13.Nxb6 axb6 14.a3 b5 15.Rfc1
Qd7 16.Bb4 Rfd8 17.Rc2 Bc4 18.Qe1 e6 19.Rac1 Bd5 20.Qe2 Bxg2 21.Kxg2 e5
22.dxe5 Bxe5 23.Rd2 Qc7 24.Rcd1 Rxd2 25.Qxd2 Bf6 26.Bc3 Rd8 27.Bxf6 {#r} 1-0

[Event "Czech League 2006/07 (2nd) (c)"]
[Site "masterchessopen.com Czech Republic"]
[Date "2007.03.11"]
[Round "9"]
[White "Neckar Lubomir (CZE)"]
[Black "Vedral Oldrich (CZE)"]
[Result "1-0"]
[WhiteElo "2325"]
[BlackElo "2213"]

1.Nf3 g6 2.d4 d5 3.g3 Bg7 4.Bg2 Nf6 5.c4 c6 6.Nbd2 O-O 7.O-O Nbd7 8.b3 Ne4
9.Bb2 Ndf6 10.Ne5 Nxd2 11.Qxd2 Ne4 12.Qc2 f6 13.Nd3 Bh6 14.Rad1 Bf5 15.Bc1
Bxc1 16.Qxc1 b6 17.Rfe1 Rc8 18.f3 Ng5 19.Nf2 Qd7 20.h4 Nf7 21.e4 dxe4 22.fxe4
Bg4 23.Rd3 h5 24.Qf4 g5 25.Qe3 Qc7 26.e5 c5 27.e6 Nd6 28.d5 Nf5 29.Qe4 Nxg3
30.Qg6+ Kh8 31.Qh6+ Kg8 32.Nxg4 Qf4 33.Qg6+ Kh8 34.Nh6 g4 35.Nf7+ Rxf7 36.exf7
Rf8 37.d6 e5 38.d7 Rd8 39.f8=Q+ {#r} 1-0

[Event "Czech League 2006/07 (krajsky prebor)"]
[Site "masterchessopen.com Czech Republic"]
[Date "2007.03.18"]
[Round "0"]
[White "Vavra Michal"]
[Black "Navratil Josef"]
[Result "0-1"]
[WhiteElo "1944"]
[BlackElo "2025"]

1.Nf3 Nf6 2.d4 d5 3.Nbd2 g6 4.g3 Bg7 5.Bg2 O-O 6.O-O c6 7.c4 Nbd7 8.b3 Ne4
9.Bb2 f5 10.e3 e6 11.Qc2 g5 12.Ne5 Nxe5 13.dxe5 g4 14.Nxe4 fxe4 15.h3 h5 16.h4
Rf5 17.Rad1 Qe7 18.Rd2 Bxe5 19.Rfd1 Bxb2 20.Qxb2 Qf6 21.Qc2 Re5 22.Qc3 Kg7
23.Qa5 b6 24.Qa4 Bb7 25.b4 Kg6 26.c5 b5 27.Qa5 Qd8 28.Qa3 a5 29.Qc3 Qc7 30.a3
a4 31.Rd4 Rf8 32.Qc2 Qf7 33.Rf1 Kh6 34.Qb2 Qg7 35.Qc2 Ref5 36.Rd2 Bc8 37.Rfd1
Qf7 38.Qb2 Qc7 39.Qc3 R5f6 40.Qd4 e5 41.Qb2 Bf5 42.Qc1 Rd8 43.Qb2 Qe7 44.Qc2
Rff8 45.Qb2 Rd7 46.Qc2 Rfd8 47.Qb1 Qf6 48.Qc2 d4 49.Bxe4 d3 50.Bxd3 e4 51.Bf1
Rxd2 52.Rxd2 Rxd2 53.Qxd2 Kg6 54.Kg2 Kf7 55.Be2 Ke7 56.Bd1 Qe5 57.Kf1 Be6
58.Qd4 Qxd4 59.exd4 Bb3 60.Ke2 Ke6 61.Bxb3+ axb3 62.Kd2 Kd5 63.Kc3 b2 64.Kxb2
Kxd4 65.Kb3 Kd3 66.a4 bxa4+ 67.Kxa4 Ke2 68.b5 cxb5+ 69.Kxb5 Kxf2 70.c6 e3
71.c7 e2 72.c8=Q e1=Q 73.Qf5+ Kxg3 74.Qxh5 Qe2+ 75.Kb4 Kh2 76.Kc3 Qe3+ 77.Kc2
g3 78.Qg6 Qd4 79.h5 g2 80.h6 g1=Q 81.Qh5+ Kg2 82.h7 Qgf2+ {#R} 0-1

[Event "Ch Georgia"]
[Site "masterchessopen.com Tbilisi (Georgia)"]
[Date "2007.03.23"]
[Round "9"]
[White "Giorgadze Giorgi (GEO)"]
[Black "Azaladze Shota (GEO)"]
[Result "1-0"]
[WhiteElo "2592"]
[BlackElo "2336"]

1.d4 g6 2.Nf3 Bg7 3.g3 Nf6 4.Bg2 O-O 5.O-O c6 6.Nbd2 d5 7.c4 Bf5 8.b3 Ne4
9.Bb2 Nxd2 10.Nxd2 Qd7 11.Re1 a5 12.e4 dxe4 13.Nxe4 Na6 14.Qe2 Bxe4 15.Qxe4 e6
16.Rad1 Rfd8 17.Bc3 Nc7 18.Qc2 Qd6 19.a4 Rd7 20.Bf3 Na6 21.Kg2 Nb4 22.Qe4 Rad8
23.h4 h5 24.g4 f5 25.gxf5 exf5 26.Qe2 Qf4 27.Rh1 Bf6 28.Bd2 Qd6 29.d5 Re7
30.Bxb4 Qxb4 31.Qd3 Kg7 32.Rh3 Qd6 33.Qd2 Qe5 34.Qxa5 Rde8 35.Qd2 c5 36.d6 Rd7
37.Bc6 bxc6 38.Re3 Qf4 39.Rxe8 Qg4+ 40.Kf1 Qh3+ 41.Kg1 Qg4+ 42.Kf1 Qh3+ 43.Ke2
Qg4+ 44.f3 Qxh4 45.Qe3 Rxd6 46.Rxd6 Qh2+ 47.Kd1 Qxd6+ 48.Qd2 Bd4 49.Kc2 h4
50.f4 g5 51.Qe2 Qxf4 52.Qh5 Bf6 53.Qh8+ Kg6 54.Rg8+ Kf7 55.Rf8+ {#r} 1-0

[Event "Czech League 2006/07 (2nd) (c)"]
[Site "masterchessopen.com Czech Republic"]
[Date "2007.03.25"]
[Round "10"]
[White "Neckar Lubomir (CZE)"]
[Black "Smutny Jan (CZE)"]
[Result "1-0"]
[WhiteElo "2325"]
[BlackElo "2170"]

1.Nf3 d5 2.g3 g6 3.Bg2 Bg7 4.d4 Nf6 5.c4 c6 6.Nbd2 O-O 7.O-O Nbd7 8.b3 b6
9.Bb2 Bb7 10.Qc2 Rc8 11.e4 dxe4 12.Nxe4 Qc7 13.Nc3 Rfd8 14.Rad1 e6 15.Rfe1 a6
16.Re2 Ne8 17.Bc1 Ndf6 18.Bf4 Qe7 19.Na4 Nd7 20.Bg5 f6 21.Bc1 Qf7 22.Rde1 b5
23.Nb2 Nc7 24.Nd3 g5 25.Ba3 Bf8 26.Bxf8 Rxf8 27.Nd2 f5 28.Nf3 Qh5 29.Nfe5 Nxe5
30.Rxe5 Rcd8 31.Nc5 Bc8 32.Qc3 f4 33.Bf3 Qg6 34.Bxc6 g4 35.Be4 Qh6 36.gxf4
Rxf4 37.Qe3 Qf6 38.Nd3 Rxe4 39.Qxe4 Rd7 40.Nc5 Rf7 41.Qe3 Rg7 42.Nxe6 Nxe6
43.Rxe6 Bxe6 44.Qxe6+ Rf7 45.Qxf6 Rxf6 46.Re4 h5 47.cxb5 axb5 48.Re5 Rf4
49.Rxb5 h4 50.Kg2 Rxd4 51.h3 g3 52.fxg3 Rd2+ 53.Kf3 hxg3 54.a4 g2 55.Rg5+ Kf7
56.b4 Rd4 57.b5 Rxa4 58.Kxg2 Rb4 59.Kg3 Kf6 60.Rc5 Ke6 61.h4 Kf6 62.h5 Kg7
63.Kf3 Kf6 64.Ke3 Ke6 65.Kd3 Kd6 66.Rg5 Rh4 67.b6 Kc6 68.Rg6+ Kb7 69.h6 Ka6
70.Ke3 Kb7 71.Kf3 Rh1 72.Kf4 Rh5 73.Kg4 Rh1 74.Kg5 Rh2 75.Kf6 {#r} 1-0

[Event "Ch Croatia (team) (2nd league)"]
[Site "masterchessopen.com Croatia"]
[Round "2"]
[White "Tomicic Zvonimir (CRO)"]
[Black "Radisic Dragan (CRO)"]
[Result "1-0"]
[WhiteElo "2233"]
[BlackElo "2009"]

1.d4 d5 2.Nf3 g6 3.g3 Bg7 4.Bg2 Nf6 5.c4 c6 6.Nbd2 O-O 7.O-O Nbd7 8.b3 a6
9.Qc2 Re8 10.Bb2 e6 11.Rfd1 Qc7 12.e4 Nxe4 13.Nxe4 dxe4 14.Qxe4 Nf6 15.Qe2 Bd7
16.Rac1 Rad8 17.Ne5 Bc8 18.b4 Qb6 19.Bc3 Nd7 20.Nf3 Nf6 21.a4 Qc7 22.a5 Nd7
23.Ne5 f6 24.Nd3 Kh8 25.Qb2 b5 26.axb6 Nxb6 27.Qb3 Bb7 28.Ra1 Nd7 29.b5 Ra8
30.b6 Qc8 31.c5 f5 32.f4 Nf6 33.Ne5 Nd5 34.Nf7+ Kg8 35.Nd6 Qd7 36.Bxd5 exd5
37.Nxe8 Rxe8 38.Re1 Re4 39.Rxe4 fxe4 40.Qb2 h5 41.Qe2 Qc8 42.Kg2 Kh7 43.h3 Bh6
44.Bd2 Bg7 45.Be3 Kg8 46.g4 hxg4 47.hxg4 Kf7 48.Kg3 Bf6 49.Rh1 Qg8 50.Qh2 Qg7
51.Qh7 Bc8 52.Kf2 Bb7 53.f5 Kf8 54.Bh6 {#r} 1-0

[Event "Ch Austria (juniors) (under 18)"]
[Site "masterchessopen.com Bad Ischl (Austria)"]
[Date "2007.04.02"]
[Round "4"]
[White "Heiny Johannes (AUT)"]
[Black "Fandler Simon (AUT)"]
[Result "0-1"]
[WhiteElo "2193"]
[BlackElo "2020"]

1.Nf3 Nf6 2.g3 g6 3.Bg2 Bg7 4.O-O O-O 5.d4 d5 6.c4 c6 7.Nbd2 Nbd7 8.b3 Nb6
9.Bb2 Be6 10.Rc1 a5 11.Re1 a4 12.c5 Nbd7 13.b4 Qc7 14.a3 Rfd8 15.h3 h5 16.Rc3
Bf5 17.Nh4 Be6 18.Qc2 Nf8 19.Rd1 Qd7 20.Kh2 N8h7 21.Nhf3 Bf5 22.Qc1 Bh6 23.Ne5
Qe6 24.e3 Ng5 25.h4 Nge4 26.Nxe4 Nxe4 27.Rc2 g5 28.hxg5 Bxg5 29.Nf3 Kg7 30.Rh1
Rh8 31.Kg1 Bf6 32.Nh4 Bxh4 33.Rxh4 Ng5 34.e4 Nxe4 35.Re2 Qh6 36.Qe1 Qg6 37.f3
Nf6 38.Rxe7 Rae8 39.Rxe8 Rxe8 40.Qf2 Qg5 41.Rf4 Bd3 42.Bf1 Qg6 43.Bc1 Bxf1
44.Kxf1 Qd3+ 45.Kg1 Qd1+ 46.Kg2 Re2 47.Be3 Rxf2+ 48.Bxf2 Qc1 49.Rf5 Qxa3
50.Rg5+ Kh6 {#R} 0-1

[Event "Ch Europe"]
[Site "masterchessopen.com Dresden (Germany)"]
[Date "2007.04.07"]
[Round "5"]
[White "Meier Georg (GER)"]
[Black "Fruebing Stefan (GER)"]
[Result "1-0"]
[WhiteElo "2558"]
[BlackElo "2313"]

1.Nf3 Nf6 2.g3 g6 3.Bg2 Bg7 4.O-O O-O 5.d4 d5 6.Nbd2 c6 7.c4 Nbd7 8.b3 Re8
9.Bb2 b6 10.Rc1 Bb7 11.Rc2 Rc8 12.Qa1 e6 13.Rfc1 Qe7 14.Ne1 Qd6 15.Nd3 Qb8
16.b4 Bh6 17.e3 Bf8 18.a4 h5 19.a5 Be7 20.a6 Ba8 21.c5 b5 22.Re1 Rcd8 23.h3
Qc8 24.Bc3 Rf8 25.Ra2 Ne8 26.e4 Nc7 27.e5 Kg7 28.Nf3 Rh8 29.Bd2 Rdg8 30.Bg5
Bxg5 31.Nxg5 Qd8 32.h4 Qe7 33.Re3 Kf8 34.Rf3 Rg7 35.Bh3 Ke8 36.Nf4 Nf8 37.Bf1
Kd7 38.Bd3 Kc8 39.Kg2 Kb8 40.Ra3 Kc8 41.Bc2 Kb8 42.Nfh3 Nd7 43.Rf4 Rf8 44.Raf3
Ne8 45.Qb1 Kc8 46.Nxf7 Rfxf7 47.Rxf7 Rxf7 48.Rxf7 Qxf7 49.Bxg6 Qg8 50.Ng5 Nc7
51.Bxh5 Nf8 52.f4 Nxa6 53.Bf7 Qg7 54.g4 Bb7 55.Kg3 Nc7 56.h5 Kd8 57.Qh1 Qh6
58.Bxe6 Ke7 59.Bg8 Ng6 60.Qc1 Nf8 61.f5 a5 62.f6+ Kd7 63.Qf4 {#r} 1-0

[Event "Cup Macedonia (team)"]
[Site "masterchessopen.com Skopje (Macedonia)"]
[Date "2007.04.25"]
[Round "1"]
[White "Larrachea Formas Emilia V (CHI)"]
[Black "Krstevski Vlatko (MKD)"]
[Result "0-1"]
[WhiteElo "2024"]
[BlackElo "2155"]

1.d4 d5 2.Nf3 Nf6 3.g3 g6 4.Bg2 Bg7 5.c4 c6 6.O-O O-O 7.Nbd2 Re8 8.Qb3 Nbd7
9.Re1 Qa5 10.e4 dxe4 11.Nxe4 Nxe4 12.Rxe4 Qb6 13.Qa3 Bf8 14.Bg5 e6 15.c5 Qc7
16.Qe3 Bg7 17.Bh6 Bh8 18.Ng5 Nf6 19.Rh4 Bd7 20.Re1 Rad8 21.a3 Bc8 22.Nh3 e5
23.dxe5 Ng4 24.Qc1 Rxe5 25.Bf4 Rxe1+ 26.Qxe1 Qd7 27.Bd6 Re8 28.Qd2 Qf5 29.Rxg4
Qb1+ 30.Bf1 Bxg4 {#R} 0-1

[Event "Ch Skopje"]
[Site "masterchessopen.com Skopje (Macedonia)"]
[Date "2007.05.30"]
[Round "1"]
[White "Larrachea Enrique (CHI)"]
[Black "Zhezhov Emil (MKD)"]
[Result "1-0"]
[WhiteElo "2300"]
[BlackElo "1798"]

1.d4 d5 2.c4 c6 3.Nf3 g6 4.g3 Bg7 5.Bg2 Nf6 6.O-O O-O 7.Nbd2 Ne4 8.Qb3 b6
9.cxd5 cxd5 10.Nxe4 dxe4 11.Ng5 Bb7 12.Nxe4 Nc6 13.e3 Na5 14.Qd1 Rc8 15.Bd2
Ba6 16.Re1 Nc4 17.Bc3 e5 18.Qa4 Bb7 19.Rad1 Qc7 20.dxe5 Bxe4 21.Bxe4 Nxe5
22.f4 Ng4 23.Rd7 Qb8 24.Bxg7 Kxg7 25.Qd4+ Kg8 26.Rb7 Qa8 27.Rxf7 Rxf7 28.Bxa8
Rxa8 29.e4 Raf8 30.e5 h5 31.Qd6 Kg7 32.e6 Rf6 33.Qd7+ Kh6 34.e7 R8f7 35.e8=Q
Rxd7 36.Qxd7 {#r} 1-0

[Event "Memorial T.Petrosian (open)"]
[Site "masterchessopen.com Uljanovsk (Russia)"]
[Date "2007.06.17"]
[Round "3"]
[White "Zuev Aleksandr (RUS)"]
[Black "Fazlutdinov Niyz (RUS)"]
[Result "0-1"]
[WhiteElo "2061"]
[BlackElo "2075"]

1.d4 Nf6 2.g3 d5 3.Bg2 g6 4.c4 c6 5.Nf3 Bg7 6.O-O O-O 7.Nbd2 Bf5 8.b3 Qc8
9.Re1 Bh3 10.Bh1 Re8 11.Bb2 Nbd7 12.Rc1 Qd8 13.Ne5 Nxe5 14.dxe5 Ng4 15.Nf3 e6
16.e4 Bh6 17.Rb1 Qb6 18.Qc2 dxe4 19.c5 Qc7 20.Qxe4 Rad8 21.Rbd1 Rd5 22.Rxd5
cxd5 23.Qd4 Rc8 24.b4 b6 25.cxb6 Qxb6 26.Qxb6 axb6 27.a4 Rc4 28.b5 Rxa4 29.Bd4
Rb4 30.Bxb6 Rxb5 31.Bd8 Rb2 32.Bg5 Bxg5 33.Nxg5 Nxf2 34.Ra1 h6 35.Nf3 Nxh1
36.Nd4 Nxg3 37.hxg3 Rg2+ 38.Kh1 Rxg3 39.Nc6 Rc3 40.Ra8+ Kh7 {#R} 0-1

[Event "It (open) \"]
[Site "masterchessopen.com Copenhagen (Denmark)"]
[Date "2007.07.25"]
[Round "6"]
[White "Hobber Anders (NOR)"]
[Black "Lie Terje (NOR)"]
[Result "1-0"]
[WhiteElo "1948"]
[BlackElo "1742"]

1.Nf3 Nf6 2.g3 g6 3.Bg2 Bg7 4.O-O O-O 5.c4 c6 6.d4 d5 7.Nbd2 Na6 8.b3 Nc7
9.Bb2 Re8 10.Ne5 Nd7 11.Nxd7 Bxd7 12.e4 Qc8 13.cxd5 cxd5 14.Rc1 Qd8 15.exd5
Rb8 16.Nc4 Nb5 17.Re1 Bc8 18.Qd2 Nd6 19.Qf4 Bf5 20.a4 Rc8 21.Ba3 Bf8 22.Bc5
Ra8 23.Bxd6 exd6 24.Rxe8 Qxe8 25.Nxd6 Bxd6 26.Qxd6 Rc8 27.Rxc8 Qxc8 28.Qc5 b6
29.Qxc8+ Bxc8 30.d6 Bd7 31.Bf1 Kf8 32.Bb5 Ke8 33.Kf1 a5 34.Ke2 Kd8 35.Bxd7
Kxd7 36.Kd3 Kxd6 37.Kc4 f5 38.f4 h6 39.h4 Kc6 40.d5+ Kd6 41.Kd4 h5 42.Kc4 Kc7
43.Kb5 Kd6 44.Kxb6 Kxd5 45.Kxa5 Ke4 46.b4 Kf3 47.b5 Kxg3 48.b6 Kxf4 49.b7 g5
50.hxg5 Kxg5 51.b8=Q h4 52.Qg8+ Kf4 53.Qh7 Kg4 54.Qg6+ Kf4 55.Qh5 {#r} 1-0

[Event "It \"]
[Site "masterchessopen.com Kuala Lumpur (Malaysia)"]
[Date "2007.08.21"]
[Round "3"]
[White "Anas Nazreen Bakri (MAS)"]
[Black "Lim Kian Hwa (MAS)"]
[Result "1-0"]
[WhiteElo "2253"]
[BlackElo "2062"]

1.d4 d5 2.Nf3 Nf6 3.c4 c6 4.g3 g6 5.Bg2 Bg7 6.O-O O-O 7.Nbd2 Nbd7 8.b3 h6
9.Bb2 Nb6 10.Re1 Be6 11.Qc1 Qc8 12.e4 Bh3 13.exd5 Bxg2 14.Kxg2 cxd5 15.c5 Nbd7
16.Rxe7 Qc6 17.Qc2 Rfe8 18.Ree1 Ne4 19.b4 b5 20.a4 f5 21.axb5 Qxb5 22.Qb3 Ndf6
23.Ra5 Qb7 24.b5 Kh7 25.Nf1 Rab8 26.Ne5 Ng4 27.f4 Nxe5 28.fxe5 Rf8 29.Bc1 g5
30.Nd2 Kh8 31.Qd3 Rbe8 32.Ra3 Rf7 33.Rb3 Qe7 34.Qe2 Ref8 35.Rf1 Qe6 36.Rbf3
Qg6 37.Re1 g4 38.Rf4 Ng5 39.Qd3 Ne6 40.Rf2 Qh5 41.Nf1 Qh3+ 42.Kg1 f4 43.Ree2
f3 44.Ra2 Ng5 45.Bxg5 hxg5 46.Qg6 Qh6 47.Qxh6+ Bxh6 48.Ne3 Rb7 49.Rab2 Rfb8
50.Nxg4 Bg7 51.Rxf3 Rxb5 52.Rxb5 Rxb5 53.Rc3 a5 54.c6 Rb8 55.c7 Rc8 56.Ne3
Bxe5 57.dxe5 d4 58.Rd3 Rxc7 59.Rxd4 Rc5 60.Ng4 Kg7 61.Rd6 a4 62.Ra6 Rc4 63.Ne3
Re4 64.Kf2 g4 65.Ng2 Kf7 66.Nf4 Rc4 67.e6+ Kf8 68.Nd5 Rc2+ 69.Ke3 Ra2 70.e7+
Kf7 71.Rf6+ Ke8 {#r} 1-0

[Event "Ch Tatarstan (open)"]
[Site "masterchessopen.com Kazan (Russia)"]
[Date "2007.08.24"]
[Round "5"]
[White "Zakharchev Vasily V (RUS)"]
[Black "Aleksandrov Vladimir A (RUS)"]
[Result "0-1"]
[WhiteElo "2228"]
[BlackElo "2336"]

1.d4 Nf6 2.c4 g6 3.g3 Bg7 4.Bg2 c6 5.Nf3 d5 6.O-O O-O 7.Nbd2 Bf5 8.b3 Ne4
9.Bb2 Na6 10.h3 h5 11.a3 Nac5 12.b4 Ne6 13.Ne5 N6g5 14.cxd5 cxd5 15.h4 Nh3+
16.Kh2 Nhxf2 17.Qe1 Bxe5 18.dxe5 Ng4+ 19.Kh1 Ne3 20.Nxe4 Bxe4 21.Bxe4 dxe4
22.Rg1 Nc2 23.Qc1 Nxa1 24.Qh6 e6 25.Bxa1 Rc8 26.Kh2 Rc2 27.Rg2 Qd2 28.Qxd2
Rxd2 29.e3 Rfd8 30.Bd4 R8xd4 31.exd4 e3 {#R} 0-1

[Event "It (open)"]
[Site "masterchessopen.com Nikea (Greece)"]
[Date "2007.08.24"]
[Round "2"]
[White "Sismanis Aggelos (GRE)"]
[Black "Tsangaris Spyridon (GRE)"]
[Result "1-0"]
[WhiteElo "2206"]
[BlackElo "2007"]

1.d4 d5 2.Nf3 Nf6 3.g3 g6 4.Bg2 Bg7 5.O-O O-O 6.c4 c6 7.Nbd2 Nbd7 8.Qc2 dxc4
9.a4 a5 10.Nxc4 Nb6 11.Nxb6 Qxb6 12.e4 Be6 13.Ra3 h6 14.h3 Rac8 15.Be3 Qa6
16.Rc1 Kh7 17.Rc3 Rfd8 18.g4 Ne8 19.Rc5 Bd7 20.Bf1 Qa8 21.Qb3 Be6 22.Qb6 Qb8
23.Rxa5 Rd7 24.Ne5 Bxe5 25.Rxe5 Rdd8 26.Bg2 Qc7 27.Qxc7 Nxc7 28.d5 cxd5
29.exd5 f6 30.Re4 Nxd5 31.Rxe6 {#r} 1-0